| 000 | 00688nam a2200253Ia 4500 | ||
|---|---|---|---|
| 001 | dia_1187 | ||
| 003 | CHAP | ||
| 005 | 20230130105837.0 | ||
| 008 | 220117s1980 xx 000 0 und d | ||
| 010 | _a171733 | ||
| 020 | _a0-89874-011-8 | ||
| 040 | _cCHAP | ||
| 082 | _a517.38 H3 | ||
| 100 |
_aHale, Jack K. _952277 |
||
| 245 |
_aOrdinary Differential Equations / _c by Jack K. Hale |
||
| 260 |
_aFlorida, USA : _b Kriege Publishing, _c1980 |
||
| 300 | _a361 p. | ||
| 503 | _aI. 157282 | ||
| 650 |
_a1.Ecuaciones diferenciales _9150226 |
||
| 901 | _a517.38 H3 | ||
| 902 | _aM | ||
| 905 | _a0000001980 MX X 0000000000SPA00 | ||
| 942 |
_cLIBRO _2ddc |
||
| 999 |
_c171733 _d171733 |
||